000 00779nam a2200253 a 4500
001 BRL_1270
005 20190320211124.0
008 121213s1948----enkab#####---#000-0#eng-#
041 _aeng
044 _aenk
050 4 _aF1219
_b.B87 1948
100 1 _aBurland, C. A.
_d1905-1983
_q(Cottie Arthur)
_923692
245 1 0 _aArt and life in ancient Mexico
_cby C. A. Burland.
260 _aOxford
_bBruno Cassirer
_c1948
300 _a112 p.
_bil.
_c25 cm.
500 _aIncluye glosario, índice alfabético y lista de ilustraciones
500 _aAu1436
504 _aBibliografía: p. 100-104
650 1 4 _aIndígenas de México
_xAntigüedades
_9509
650 1 4 _aArte
_xHistoria
_zMéxico
_9898
651 4 _aMéxico
_xAntigüedades
_92765
902 _aGRL
942 _2lcc
_cB
999 _c10082
_d10082